Oslovit zákazníky? Zvažte i newsletter a e-mail

Nástroje marketingovej komunikácie : newsletter a e-mail. Zásady tvorby firemných newsletterov. Komunikácia so zákazníkom a spätná väzba. Štruktúra a obsah elektronickej správy. Výhody a nevýhody e-mailu.

Na minha lista:
Detalhes bibliográficos
Autor principal: Hynek, Jiří
Formato: Capítulo de Livro
Idioma:tcheco
Assuntos:
Tags: Adicionar Tag
Sem tags, seja o primeiro a adicionar uma tag!

MARC

LEADER 00000naa$a2200000$$$4500
001 0038923
005 20231018125848.3
041 0 |a cze 
044 |a CZ 
245 1 0 |a Oslovit zákazníky? Zvažte i newsletter a e-mail  |c Jiří Hynek 
520 |a Nástroje marketingovej komunikácie : newsletter a e-mail. Zásady tvorby firemných newsletterov. Komunikácia so zákazníkom a spätná väzba. Štruktúra a obsah elektronickej správy. Výhody a nevýhody e-mailu. 
610 2 0 |a komunikácia marketingová 
610 2 0 |a nástroje marketingové 
610 2 0 |a komunikácia elektronická 
610 2 0 |a firmy 
610 2 0 |a zákazníci 
610 2 0 |a pošta elektronická 
610 2 0 |a technológie informačné 
100 1 |a Hynek, Jiří